000 00801nab a2200253 u 4500
001 21687
003 HDC
007 cr bn ---aaaaa
008 210309c20121120xx dr|noo 0 a eng d
040 _aHDC
245 0 _aOpinion: Why marketers need to get mobile
260 _a[No place] :
_b[publisher not identified],
_c2012
300 _a1 online resource
336 _atext
_2rdacontent
337 _acomputer
_2rdamedia
338 _aonline resource
_2rdacarrier
650 _aMarketer
_919096
650 _amobile device
_99898
710 _aHalal Focus
856 _zRequest full-text at [email protected]
942 _2lcc
942 _cNEWS
942 _kNWSO 006596
999 _c19003
_d19003